MARC details
| 000 -LEADER |
| fixed length control field |
00777cam a2200205 4500 |
| 001 - CONTROL NUMBER |
| control field |
WB3801-20 |
| 008 - FIXED-LENGTH DATA ELEMENTS--GENERAL INFORMATION |
| fixed length control field |
020108n2002 000 0 eng u |
| 035 ## - SYSTEM CONTROL NUMBER |
| System control number |
(Sirsi) u116184 |
| 245 ## - TITLE STATEMENT |
| Title |
Force 10 |
| 260 ## - PUBLICATION, DISTRIBUTION, ETC. |
| Date of publication, distribution, etc. |
2002 |
| 490 ## - SERIES STATEMENT |
| Series statement |
Building Trade and Industry |
| Volume/sequential designation |
18(1) January 2002, 1-28(1) |
| 520 ## - SUMMARY, ETC. |
| Summary, etc. |
Plans have been submitted for what could be the biggest windfarm in Europe on the Hebridean Island of Lewis. This follows the recent call from government for a six-fold increase in renewable energies, which coud lead to a glut of work for contractors in the wind power sector. |
| 590 ## - LOCAL NOTE (RLIN) |
| Local note |
WB |
| 650 ## - SUBJECT ADDED ENTRY--TOPICAL TERM |
| Topical term or geographic name entry element |
WINDFARMS |
| 650 ## - SUBJECT ADDED ENTRY--TOPICAL TERM |
| Topical term or geographic name entry element |
RENEWABLE ENERGY |
| 650 ## - SUBJECT ADDED ENTRY--TOPICAL TERM |
| Topical term or geographic name entry element |
LEWIS |
| 650 ## - SUBJECT ADDED ENTRY--TOPICAL TERM |
| Topical term or geographic name entry element |
HEBRIDES |
| 690 ## - LOCAL SUBJECT ADDED ENTRY--TOPICAL TERM (OCLC, RLIN) |
| Topical term or geographic name as entry element |
ENVIRONMENTAL AND LAND CONSULTANCY-ENERGY |
| 942 ## - ADDED ENTRY ELEMENTS (KOHA) |
| Suppress in OPAC |
0 |